Catálogo

FILOSOFIA DEL QUIJOTE : (Registro nro. 14971)

Detalles MARC
000 -LEADER
fixed length control field 00495nam a2200181 a 4500
001 - CONTROL NUMBER
control field 14971
005 - DATE AND TIME OF LATEST TRANSACTION
control field 20180713203533.0
008 - FIXED-LENGTH DATA ELEMENTS--GENERAL INFORMATION
fixed length control field 140415s1968 mx 000 0 spa d
041 ## - LANGUAGE CODE
Language code of text/sound track or separate title spa
082 ## - DEWEY DECIMAL CLASSIFICATION NUMBER
Classification number 864
Item number BAS
100 1# - MAIN ENTRY--PERSONAL NAME
Personal name BASAVE FERNANDEZ DEL VALLE, AGUSTIN
245 10 - TITLE STATEMENT
Title FILOSOFIA DEL QUIJOTE :
Remainder of title UN ESTUDIO DE ANTROPOLOGIA AXIOLOGICA
250 ## - EDITION STATEMENT
Edition statement 2a ed.
260 ## - PUBLICATION, DISTRIBUTION, ETC.
Place of publication, distribution, etc. MEXICO :
Name of publisher, distributor, etc. ESPASA-CALPE,
Date of publication, distribution, etc. 1968
300 ## - PHYSICAL DESCRIPTION
Extent 276
490 ## - SERIES STATEMENT
Series statement AUSTRAL
Volume/sequential designation 1289
650 14 - SUBJECT ADDED ENTRY--TOPICAL TERM
Topical term or geographic name entry element ENSAYOS
Existencias
Withdrawn status Lost status Source of classification or shelving scheme Damaged status Not for loan Collection code Home library Current library Shelving location Date acquired Source of acquisition Inventory number Total Checkouts Full call number Barcode Date last seen Date last checked out Price effective from Koha item type
    Dewey Decimal Classification     General Biblioteca Karol Wojtyla Biblioteca Karol Wojtyla Sala general 03/12/2013 Compra 151000000000000000034993   864 BAS 32390 05/01/2026 12/05/2015 03/12/2013 Libro